Loading...
| Mythology | 0 | 9 | 0 | 0 | 90 | 40 | 61.44 | 4 | 8 | 35.64 | 59.62 |
| History - American | 0 | 1 | 0 | 0 | 10 | 62 | 62.00 | 1 | 1 | 3.78 | 7.69 |
| History - European | 0 | 1 | 0 | 0 | 10 | 43 | 43.00 | 1 | 1 | 4.79 | 7.69 |
| Literature - American | 0 | 1 | 0 | 0 | 10 | 78 | 78.00 | 0 | 0 | 3.25 | 3.85 |
| Literature - British | 0 | 1 | 0 | 0 | 10 | 79 | 79.00 | 0 | 0 | 3.53 | 3.85 |
| Fine Arts - Painting and Sculpture | 0 | 1 | 0 | 0 | 10 | 62 | 62.00 | 0 | 1 | 4.21 | 6.73 |
| Science - Biology | 0 | 1 | 0 | 0 | 10 | 54 | 54.00 | 0 | 1 | 4.05 | 5.77 |
| Popular Culture | 0 | 1 | 0 | 0 | 10 | 59 | 59.00 | 0 | 1 | 19.58 | 25.00 |
| Religion | 0 | 1 | 0 | 0 | 10 | 93 | 93.00 | 0 | 1 | 1.68 | 4.81 |
| Literature - World | 0 | 0 | 1 | 0 | -5 | 0.00 | 0 | 0 | 0.00 | 0.00 |